Sports Quiz

Random Sports Quiz

Canucks who played in 2012-13 Quiz Stats

 Plays Quiz not verified by Sporcle

Challenge
Share
Tweet
Embed
Score 0/32 Timer 04:00
0 Plays Today
Games played players name % Correct
48Henrik Sedin
100%
47Daniel Sedin
100%
17Ryan Kesler
94.7%
47Alex Burrows
92.1%
47Dan Hamhuis
89.5%
41Chris Higgins
89.5%
45Alexander Edler
86.8%
20Roberto Luongo
86.8%
47Janik Hansen
81.6%
38Chris Tanev
81.6%
36Kevin Bieksa
81.6%
30Cory Schneider
78.9%
46Mason Raymond
76.3%
47Jason Garisson
71.1%
39Zack Kassian
71.1%
48Maxim Lapierre
68.4%
Games played players name % Correct
12David Booth
68.4%
9Manny Malhotra
63.2%
36Keith Ballard
57.9%
40Dale Weise
55.3%
24Andrew Alberts
55.3%
12Derek Roy
50%
2Nik Jensen
50%
23Tom Sestito
47.4%
31Jordan Schroeder
42.1%
3Frank Corrado
42.1%
1Bill Sweatt
42.1%
28Andrew Ebbet
28.9%
14Cam Barker
23.7%
12Steve Pinizzotto
18.4%
2Derek Joslin
13.2%
6Andrew Gordon
5.3%

You're not logged in!

Compare scores with friends on all Sporcle quizzes.
Join for Free
OR
Log In

You Might Also Like...

Show Comments

Extras

Top Quizzes Today


Score Distribution

Your Account Isn't Verified!

In order to create a playlist on Sporcle, you need to verify the email address you used during registration. Go to your Sporcle Settings to finish the process.

Report this User

Report this user for behavior that violates our Community Guidelines.

Details: